000
00294nam a22001337a 4500
008
210521b ||||| |||| 00| 0 eng d
041
_a
eng
080
_a
61
082
_a
61
100
_a
4
101
_a
SHM
245
_a
Theory and Practice of Brief Therapy
_c
Budman,S.H
942
_2
udc
_c
BK
999
_c
57604
_d
57604